000 00739nam a2200217Ii 4500
003 JO-AjNU
008 230606s9999||||xx |||||||||||||| ||und||
020 _a0-395-92758-7
040 _aJO-AjNU
_beng
_erda
_cJO-AjNU
041 _aeng
050 1 4 _aHF5635.P64 1999
100 3 _aNeedles,Belverd E / Powers,Marian /Mills,Sherry K / Anderson, Henry R / Caldwell,James C / Crosson,Susan V,
_eauthor
_93365
245 0 0 _aPrinciples of Accounting
250 _a7th ed
264 3 1 _aBoston,New York : Houghton Mifflin Company,1999
300 _a1229p
_b Includes appendix indexes (p1191-1229)
336 _atext
_btxt
_2rdacontent
337 _aunmediated
_bn
_2rdamedia
338 _avolume
_bnc
_2rdacarrier
650 4 _aAccounting
_93366
999 _aE1758
_c1758
_d1758